Door elkaar: x en : (Nat. getal.) - Statistieken

Algemene statistieken
  • Deze quiz is 9 keer genomen
  • De gemiddelde score is 45 van 50
Antwoordstatistieken
Opgave Antwoord % Correct
1:1 1
100%
2:2 1
100%
6:6 1
100%
7:7 1
100%
8:8 1
100%
9:9 1
100%
10:10 1
100%
10x1 10
100%
5x2 10
100%
2x5 10
100%
10:1 10
100%
20:2 10
100%
30:3 10
100%
50:5 10
100%
60:6 10
100%
10x10 100
100%
6x2 12
100%
3x4 12
100%
2x6 12
100%
2x7 14
100%
8x2 16
100%
2x8 16
100%
9x2 18
100%
6x3 18
100%
3x6 18
100%
2x9 18
100%
2x1 2
100%
1x2 2
100%
2:1 2
100%
4:2 2
100%
6:3 2
100%
8:4 2
100%
12:6 2
100%
14:7 2
100%
16:8 2
100%
20:10 2
100%
4x5 20
100%
2x10 20
100%
7x3 21
100%
8x3 24
100%
4x6 24
100%
3x8 24
100%
3x9 27
100%
3:1 3
100%
6:2 3
100%
9:3 3
100%
12:4 3
100%
15:5 3
100%
18:6 3
100%
10x3 30
100%
6x5 30
100%
3x10 30
100%
8x4 32
100%
4x8 32
100%
7x5 35
100%
5x7 35
100%
9x4 36
100%
4x9 36
100%
2x2 4
100%
1x4 4
100%
4:1 4
100%
8:2 4
100%
12:3 4
100%
20:5 4
100%
24:6 4
100%
28:7 4
100%
32:8 4
100%
36:9 4
100%
40:10 4
100%
8x5 40
100%
5x8 40
100%
4x10 40
100%
7x6 42
100%
6x7 42
100%
5x9 45
100%
6x8 48
100%
7x7 49
100%
5x1 5
100%
15:3 5
100%
20:4 5
100%
25:5 5
100%
30:6 5
100%
35:7 5
100%
40:8 5
100%
45:9 5
100%
50:10 5
100%
10x5 50
100%
5x10 50
100%
9x6 54
100%
6x9 54
100%
7x8 56
100%
6x1 6
100%
3x2 6
100%
2x3 6
100%
6:1 6
100%
18:3 6
100%
24:4 6
100%
30:5 6
100%
42:7 6
100%
48:8 6
100%
60:10 6
100%
10x6 60
100%
9x7 63
100%
7x9 63
100%
1x7 7
100%
21:3 7
100%
28:4 7
100%
35:5 7
100%
42:6 7
100%
49:7 7
100%
63:9 7
100%
70:10 7
100%
7x10 70
100%
9x8 72
100%
8x9 72
100%
8x1 8
100%
4x2 8
100%
2x4 8
100%
1x8 8
100%
8:1 8
100%
16:2 8
100%
24:3 8
100%
32:4 8
100%
48:6 8
100%
64:8 8
100%
80:10 8
100%
9x9 81
100%
9x1 9
100%
3x3 9
100%
1x9 9
100%
18:2 9
100%
27:3 9
100%
36:4 9
100%
45:5 9
100%
54:6 9
100%
63:7 9
100%
81:9 9
100%
90:10 9
100%
10x9 90
100%
9x10 90
100%
5:5 1
83%
4x4 16
83%
1x10 10
80%
5:1 5
80%
40:5 8
80%
70:7 10
75%
10x2 20
75%
3x7 21
75%
6x4 24
75%
5x5 25
75%
16:4 4
75%
9:1 9
75%
72:8 9
75%
3:3 1
67%
40:4 10
67%
5x3 15
67%
10:5 2
67%
5x4 20
67%
7x4 28
67%
27:9 3
67%
30:10 3
67%
6x6 36
67%
4x1 4
67%
12:2 6
67%
80:8 10
50%
90:9 10
50%
100:10 10
50%
4x3 12
50%
9x3 27
50%
4x7 28
50%
1x3 3
50%
24:8 3
50%
8x6 48
50%
8x7 56
50%
1x6 6
50%
54:9 6
50%
7:1 7
50%
14:2 7
50%
56:8 7
50%
56:7 8
50%
72:9 8
50%
8x10 80
50%
1x1 1
0%
4:4 1
0%
7x2 14
0%
3x5 15
0%
18:9 2
0%
3x1 3
0%
21:7 3
0%
5x6 30
0%
10x4 40
0%
9x5 45
0%
1x5 5
0%
10:2 5
0%
36:6 6
0%
6x10 60
0%
8x8 64
0%
7x1 7
0%
10x7 70
0%
10x8 80
0%
Geen overeenkomende quizzen gevonden
Scoreverdeling
Procent van Mensen met Elke Score
Percentiel versus Aantal Correcte Antwoorden
Uw Scoregeschiedenis
U heeft deze quiz nog niet genomen